Marta Riquelme, de Ezequiel Martínez Estrada, desde una perspectiva transtextual /

Gorde:
Xehetasun bibliografikoak
Egile nagusia: Vilanova, Ángel
Formatua: Ezezaguna
Hizkuntza:Spanish
Gaiak:
Etiketak: Etiketa erantsi
Etiketarik gabe, Izan zaitez lehena erregistro honi etiketa jartzen!

MARC

LEADER 000000000a22000000004500
001 005913
041 0 |a spa 
100 1 |a Vilanova, Ángel 
245 1 0 |a Marta Riquelme, de Ezequiel Martínez Estrada, desde una perspectiva transtextual /   |c Ángel Vilanova. 
650 4 |a MARTÍNEZ ESTRADA, EZEQUIEL, 1895-1964 
650 4 |a RIQUELME, MARTA 
650 4 |a MARTA RIQUELME 
650 4 |a CRÍTICA LITERARIA 
650 4 |a ANÁLISIS LITERARIO 
650 4 |a LITERATURA VENEZOLANA 
773 0 |x 1315-8392  |d Venezuela : Universidad de los Andes  |t Voz y escritura: Revista de Estudios Literarios  |g número 6-7 (1996), páginas 72-80 
942 |c ARC 
999 |c 12590  |d 12590